ÜĞMİT'İN DOĞUM GÜNÜ ARMAĞANI (Kayıt no. 988265)

MARC ayrıntıları
000 -LEADER
sabit uzunluktaki kontrol alanı 00264nam a2200097Ia 4500
001 - KONTROL NUMARASI
kontrol alanı 988265
005 - EN SON İŞLEMİN TARİH VE ZAMANI
kontrol alanı 20250826221135.0
008 - SABİT-UZUNLUKTA VERİ ÖĞELERİ--GENEL BİLGİ
sabit uzunluktaki kontrol alanı 250824s9999 xx 000 0 und d
245 #0 - ESER / YAZAR
ESER ADI ÜĞMİT'İN DOĞUM GÜNÜ ARMAĞANI
Yazar Adı GÜLSÜM CENGİZ
260 ## - YAYIN, DAĞITIM, VB.
YAYIN EVİ ESKİ PARÇA COCUK
Mevcut
Düşüm durumu Kayıp durumu Hasar Durumu Ödünç verilmez Ana kütüphane Geçerli Kütüphane Edinilen tarih Toplam ödünç verme sayısı Barkod Son görüntüleme tarihi Fiyatın geçerli olmaya başladığı tarih Koha materyal türü
        AHMET ACAR İLKOKULU AHMET ACAR İLKOKULU 24.08.2025   10024825 26.08.2025 26.08.2025 Kitaplar
Gemini Bilgi Teknolojileri A.Ş. tarafından düzenlenmiştir.